La Época (Record no. 182549)

MARC details
000 -LEADER
campo de control de longitud fija 00616nam a2200193 i 4500
001 - NÚMERO DE CONTROL
campo de control 182549
003 - IDENTIFICADOR DE NÚMERO DE CONTROL
campo de control ES-MaACL
005 - FECHA Y HORA DE LA ÚLTIMA TRANSACCIÓN
campo de control 20230906221636.0
008 - DATOS DE LONGITUD FIJA--INFORMACIÓN GENERAL
campo de control de longitud fija 130917s1892 sp |||| | spa d
245 00 - MENCIÓN DEL TÍTULO
Título La Época
Resto del título : suplemento al número 14.455.
260 ## - PUBLICACIÓN, DISTRIBUCIÓN, ETC.
Lugar de publicación, distribución, etc. [Madrid :
Nombre del editor, distribuidor, etc. La Época,
Fecha de publicación, distribución, etc. 1892?]
300 ## - DESCRIPCIÓN FÍSICA
Extensión 70 p. ;
Dimensiones 33 cm.
505 8# - NOTA DE CONTENIDO CON FORMATO
Nota de contenido con formato Contiene: Las memorias del Sr. Dato, Corbalán, Aguilera
650 #4 - PUNTO DE ACCESO ADICIONAL DE MATERIA--TÉRMINO DE MATERIA
Término de materia o nombre geográfico como elemento de entrada Administración municipal-
Subdivisión geográfica Madrid.
9 (RLIN) 153436
700 1# - ENTRADA AGREGADA--NOMBRE PERSONAL
Nombre de persona Dato, Eduardo,
Fechas asociadas al nombre 1856-1921
9 (RLIN) 42789
700 0# - ENTRADA AGREGADA--NOMBRE PERSONAL
Nombre de persona Aguilera, Alfredo.
9 (RLIN) 18756
852 ## - LOCALIZACIÓN
Ubicación ES-MaACL
Número de control de estantería T-653-F-9
Holdings
Estatus retirado Estado de pérdida Estado de daño No para préstamo Colección Biblioteca de origen Biblioteca actual Ubicación en estantería Fecha de adquisición Fuente de adquisición Total de préstamos Signatura topográfica completa Código de barras Visto por última vez Precio de reemplazo Tipo de ítem Koha
        Colección de folletos Biblioteca del Ateneo de Madrid Biblioteca del Ateneo de Madrid Depósito folletos 17/09/2013     T-653-F-9 1191842 23/02/2023 23/02/2023 Folleto